000 01261nam a2200373 i 4500
001 13828
003 KOSZ 005
005 20190801090905.0
008 070608s1970 pl a f 000 0 pol
015 _aPB 1971/2447
035 _a(OCoLC)839126073
040 _aWA N
_cWA N
_dKOSZ 005/KK
046 _k1971
080 _a65.01
080 _a519
100 1 _aBladowski, Stanisław
_d(1902-1971).
_eAutor
245 1 0 _aMetody sieciowe w planowaniu i organizacji pracy /
_cStanisław Bladowski.
260 _aWarszawa :
_bPaństwowe Wydawnictwo Ekonomiczne,
_c1971.
300 _a263, [1] strony, [2] karty, tablice :
_bilustracje ;
_c22 cm.
336 _aTekst
_btxt
_2rdacontent
337 _aBez urządzenia pośredniczącego
_bn
_2rdamedia
338 _aWolumin
_bnc
_2rdacarrier
380 _aKsiążki.
388 _a1901-2000
504 _aBibliografia na stronach [259]-260
658 _aMatematyka
658 _aZarządzanie i marketing
650 4 _aPraca
650 4 _aBadania operacyjne
650 4 _aGrafy
710 2 _aPaństwowe Wydawnictwo Ekonomiczne
_4pbl.
856 _uhttp://koha.tu.koszalin.pl/cgi-bin/koha/opac-detail.pl?biblionumber=13828
_yKatalog online BPK
942 _2UKD
_cKS
999 _c13828
_d13828